Ο Παναγιώτης Ρόδιος και η εποχή του : (1798-1851) ; "αποχαιρετήσας τον Ασκληπιόν αφοσιώθη εις τον Άρην"

Αποθηκεύτηκε σε:
Λεπτομέρειες βιβλιογραφικής εγγραφής
Κύριος συγγραφέας: Σαβοριανάκης, Παναγιώτης
Μορφή: Βιβλίο
Γλώσσα:Greek
Δημοσίευση: Αθήνα : Σαββάλας, Διεθνές Κέντρο Μεταφραστών και Λογοτεχνών Ρόδου, 2003.
Θέματα:
Ετικέτες: Προσθήκη ετικέτας
Δεν υπάρχουν, Καταχωρήστε ετικέτα πρώτοι!

MARC

LEADER 00000cam a2200000 i 4500
001 1/50691
008 040311s2003 gr | ||| |||| ||gre||
020 |a 9604609785 
035 |l 10072625 
040 |a GR-MY-UA  |b gre  |e aacr 
041 0 |a gre 
082 7 |a 938.977   |2 (22) 
100 1 |a Σαβοριανάκης, Παναγιώτης. 
245 1 2 |a Ο Παναγιώτης Ρόδιος και η εποχή του :   |b (1798-1851) ; "αποχαιρετήσας τον Ασκληπιόν αφοσιώθη εις τον Άρην" /   |c Παναγιώτης Σαβοριανάκης. 
260 |a Αθήνα :   |b Σαββάλας,   |b Διεθνές Κέντρο Μεταφραστών και Λογοτεχνών Ρόδου,   |c 2003. 
300 |a 301 σ. :   |b εικ. ;   |c 24 εκ.  
600 1 0 |a Ρόδιος, Παναγιώτης Γ.,   |d 1789-1851. 
651 0 |a Rhodes (Greece : Island)  |x History. 
852 |a INST  |b RHODES  |e 20040311  |h 938.977 ΣΑΒ  |p 005400019500  |q 005400019500  |t BK  |y 0 
852 |a INST  |b RHODES  |e 20040311  |h 938.977 ΣΑΒ  |p 005400019501  |q 005400019501  |t BK  |y 0 
852 |a INST  |b RHODES  |e 20040311  |h 938.977 ΣΑΒ  |p 005400019502  |q 005400019502  |t BK  |y 0 
852 |a INST  |b RHODES  |e 20040311  |h 938.977 ΣΑΒ  |p 005400019503  |q 005400019503  |t BK  |y 0 
901 |a BIBL4-2004-1 
970 |a ΚΟΥΛΑΚΙΟΤΗ  |b ΛΙΤΣΑ  |z 2004/03/11